| 000 | 00594nam a22001577a 4500 | ||
|---|---|---|---|
| 082 | _a629.8 | ||
| 100 | _aAsfar, Zeeshan | ||
| 245 |
_aDevelopment Of Smart Sensing Thread For Application As Strain Gauge For Structural Health Monitoring _cZeeshan Asfar |
||
| 260 |
_aIslamabad : _bSMME - NUST, _c2016. |
||
| 300 |
_a45 p. ; _c30cm. |
||
| 650 |
_aRobotics and Intelligent Machine Engineering-MS-Thesis _916127 |
||
| 700 |
_aDr. Yasar Ayaz _916202 |
||
| 856 | _uhttp://10.250.8.41:8080/xmlui/handle/123456789/9175 | ||
| 942 |
_2ddc _cTHE |
||
| 999 |
_c541124 _d541124 |
||